000 00380nam a2200157Ia 4500
003 Ost
005 20260225132601.0
008 260225s9999||||xx |||||||||||||| ||und||
040 _cfsic
041 _afre
082 _a658.8
100 _aPrirre-LOUIS Dubois
_eAuteur
245 0 _aLE Marketiong :
245 0 _bFondements et Pratique /
_cPrirre-LOUIS Dubois
942 _cكتاب
999 _c34788
_d34788